KOHA-Header-6

Essentials of Business Ethics (Record no. 12342)

000 -LEADER
fixed length control field 00271nam a22001217a 4500
020 ## - INTERNATIONAL STANDARD BOOK NUMBER
ISBN 9780077078560
082 ## - DEWEY DECIMAL CLASSIFICATION NUMBER
Classification number 174.4
100 ## - MAIN ENTRY--AUTHOR NAME
Personal name George Chryssides
245 ## - TITLE STATEMENT
Title Essentials of Business Ethics
260 ## - PUBLICATION, DISTRIBUTION, ETC. (IMPRINT)
Place of publication UK
Name of publisher McGraw-Hill
Year of publication 1996
300 ## - PHYSICAL DESCRIPTION
Number of Pages 201 pages.
942 ## - ADDED ENTRY ELEMENTS (KOHA)
Koha item type Books
Holdings
Withdrawn status Lost status Collection code Permanent Location Current Location Shelving location Date acquired Full call number Accession Number Koha item type
    Business MAJU MAJU   2003-03-09 174.4 587 Business

Powered by Koha